000 nam a22 4500
999 _c8844
_d8844
008 180314b ||||| |||| 00| 0 eng d
245 _aThe future of business education.
260 _aPhilippines
_bManila Bulletin
_cc2016
300 _apage B-2.
650 0 _926807
_aEducation.
942 _2ddc
_cPER